A falusi gasztrofesztiválok iránti kereslet és kínálat vizsgálata dél-alföldi példák alapján

Elmentve itt :
Bibliográfiai részletek
Szerzők: Tóth Bettina
Hegedűs Gábor
Pusztai Bertalan
Dokumentumtípus: Cikk
Megjelent: 2020
Sorozat:TURIZMUS BULLETIN 20 No. 3
doi:10.14267/TURBULL.2020v20n3.3

mtmt:31676999
Online Access:http://publicatio.bibl.u-szeged.hu/22031
LEADER 00770nab a2200217 i 4500
001 publ22031
005 20210804083732.0
008 210804s2020 hu o 0|| zxx d
022 |a 1416-9967 
024 7 |a 10.14267/TURBULL.2020v20n3.3  |2 doi 
024 7 |a 31676999  |2 mtmt 
040 |a SZTE Publicatio Repozitórium  |b hun 
041 |a zxx 
100 1 |a Tóth Bettina 
245 1 2 |a A falusi gasztrofesztiválok iránti kereslet és kínálat vizsgálata dél-alföldi példák alapján  |h [elektronikus dokumentum] /  |c  Tóth Bettina 
260 |c 2020 
300 |a 24-33 
490 0 |a TURIZMUS BULLETIN  |v 20 No. 3 
700 0 1 |a Hegedűs Gábor  |e aut 
700 0 1 |a Pusztai Bertalan  |e aut 
856 4 0 |u http://publicatio.bibl.u-szeged.hu/22031/7/31676999_publikacio.pdf  |z Dokumentum-elérés